Az evolúció mint a társadalomtudományok metaelmélete
Elmentve itt :
| Szerző: | |
|---|---|
| Adatforrás: | Philobibl |
| Forrásdokumentuma: | Világosság 46.2005:1. 49-58. p. |
| Dokumentumtípus: | Cikk |
| Nyelv: | magyar |
| Kulcsszavak: | metaelmélet evolúció tudományelmélet |
| Megjelent: |
2005
|
| LEADER | 00421nab a2200145 c 4500 | ||
|---|---|---|---|
| 001 | bibPHI0029395 | ||
| 005 | 20200924122501.7 | ||
| 008 | 070112s2005 xx hun | ||
| 100 | 1 | |a Marosán György | |
| 245 | 1 | 3 | |a Az evolúció mint a társadalomtudományok metaelmélete |c Marosán György |
| 260 | |c 2005 | ||
| 695 | |a metaelmélet | ||
| 695 | |a evolúció | ||
| 695 | |a tudományelmélet | ||
| 773 | 0 | |t Világosság |g 46.2005:1. 49-58. p. | |